1375 1100 1668 1705 1040 1413 1860 1360 1462 1365 1965 1535 1218 1099 1294 1671 1046 1394 1224 1702 1533 1853 1150 1922 1070 1904 1256 1702 1017 1188 1603 1981 1630 1364 1475 1119 1180 1401 1186 1943 1611 1291 1284 1342 1794 1613 1389 1046 1969 1874 1476 1451 1967 1986 1175 1409 1775 1654 1693 1361 1526 1883 1568 1935 1339 1980 1803 1470 1283 1922 1384 1245 1031 1218 1895 1210 1553 1335 1022 1658 1077 1175 1068 1649 1101 1811 1903 1644 1956 1658 1441 1270 1962 1115 1875 1345 1410 1833 1166 BCNSPRNW ULIB Ver.6.0+V

เปลี่ยนเป็นภาษาไทย

Change to English
 แสดงรายละเอียดบรรณานุกรม
  กลับหน้าหลัก

Brief Record : Get Marc (ISO 2709) : E-mail record : QR code < ปิดหน้าต่าง
LEADER : 00000nas 2200000uu 4500
001    13399126188
003     ULIB
008    180711s2560||||th 000 0 tha d
022 0  ^a16869443
110 1  ^aวารสารหัวหินสุขใจ ไกลกังวล
245 00 ^aวารสารหัวหินสุขใจ ไกลกังวล^cโรงพยาบาลหัวหิน
260    ^aประจวบคีรีขันธ์;^bโรงพยาบาลหัวหิน,^c2560
310    ^aราย 6 เดือน
850 ^a ULIB^bปีที่ 2 ฉบับที่ 2 ฉ.1 ;ปีที่ 2 ฉบับที่ 1 ฉ.1
945    ^p0^l0^i905180
945    ^p0^l0^i904932
999    ^aประนอม เกษจรัล
รายการนี้ยังไม่มีแท็ก
คุณยังไม่ได้ล็อกอิน คุณสามารถมีกิจกรรมร่วมกับเว็บไซต์ได้ แต่ต้องล็อกอินก่อน ::
  ล็อกอิน

รายการสื่อสารสนเทศ (วารสาร)

ดูแบบ: กล่อง รายการ
ARRIVED
ปีที่ 2 ฉบับที่ 1 ฉ.1
สถานที่: ห้องสมุดวิทยาเขตสวรรค์ประชารักษ์ >วารสาร
ARRIVED
ปีที่ 2 ฉบับที่ 2 ฉ.1
สถานที่: ห้องสมุดวิทยาเขตสวรรค์ประชารักษ์ >วารสาร

BibComment


ยังไม่เคยถูกคอมเมนท์

คอมเมนท์ทรัพยากรรายการนี้
  คอมเมนท์: วารสารหัวหินสุขใ..


 Copyright 2026. Bcnsprnw @Library